| 000 | 00781cam a2200229 4500 | ||
|---|---|---|---|
| 001 | WB3623-15 | ||
| 008 | 000000n2000 000 0 eng u | ||
| 035 | _a(Sirsi) u106479 | ||
| 245 | _aMobile phone masts may be limited | ||
| 260 | _c2000 | ||
| 490 |
_aFinancial Times _v 14 June 2000, 1 |
||
| 490 |
_aFinancial Times _v 14 June 2000, 5(2) |
||
| 520 | _aAfter the Stewart report and fears over safety, government is expected to issue new guidelines which would limit the number of masts, forcing mobile phone operators to share more radio masts. | ||
| 590 | _aWB | ||
| 650 | _aMOBILE PHONE MASTS | ||
| 650 | _aRADIO MASTS | ||
| 650 | _aSTEWART REPORT | ||
| 650 | _aHEALTH HAZARDS | ||
| 650 | _aGOVERNMENT POLICY | ||
| 690 |
_aHealth and safety _96244 |
||
| 942 | _n0 | ||
| 999 |
_c63785 _d63785 |
||